000 00710nam a2200253Ia 4500
003 OSt
005 20220928102054.0
006 a|||||r|||| 00| 0
007 ta
008 220927b |||||||| |||| 00| 0 hin d
020 _c300
024 _a128084
037 _b403, 31/12/2015, Kiran Book Service
_cTextual
040 _aSDCL
_cSDCL
_bhin
041 _2hin
_ahin
082 _aO152,3Nx, Q5
100 _aRag Vandana
_9396405
245 0 _aHijarat se pahale
260 _aNew Delhi
_bRajkamal Prakashan
_c2015
300 _a140p
_ccm.
650 _aHindi
_9391598
942 _hO152,3Nx, Q5
_cTEXL
_2CC
999 _c712133
_d712133